000
00221 a2200097 4500
001
32855
090
_c
22026
_d
22026
100
_a
Raman,K.V
245
_a
Mathematics in Chemistry
260
_a
New Delhi
_b
Vikas publishing house
_c
2004
942
_a
NUST-CAE
999
_c
267928
_d
267928